000 00926cam a22003013a 4500
001 9091
003 PGUSA
005 20140828083208.0
008 051001s2005||||xxu|||||s|||||000 1 eng d
040 _aPGUSA
_beng
042 _adc
050 4 _aPZ
100 1 _aPansy,
_d1841-1930
245 1 0 _aEster Ried Yet Speaking
_h[electronic resource] /
_cPansy
260 _bProject Gutenberg,
_c2005
506 _aPublic domain in the USA.
516 _aElectronic text
653 _aFriendship -- Juvenile fiction
653 _aCharity -- Juvenile fiction
653 _aPoverty -- Juvenile fiction
653 _aYouth and death -- Juvenile fiction
653 _aChristian life -- Juvenile fiction
653 _aBrothers and sisters -- Juvenile fiction
653 _aSunday school teachers -- Juvenile fiction
830 0 _aProject Gutenberg
_v9091
856 4 0 _uhttp://www.gutenberg.org/ebooks/9091
942 _cEB
999 _c238375
_d238375